Countries Bordering "Stan" Countries - Statistics

General Stats
  • This quiz has been taken 27 times
  • The average score is 10 of 11
Answer Stats
Countries % Correct
China
96%
India
96%
Russia
96%
Iran
93%
Kazakhstan
85%
Tajikistan
85%
Turkmenistan
85%
Afghanistan
81%
Kyrgyzstan
81%
Pakistan
81%
Uzbekistan
81%
No matching quizzes found
Score Distribution
Percent of People with Each Score
Percentile by Number Answered
Your Score History
You have not taken this quiz